| 000 | 00942cai a22002055a 4500 | ||
|---|---|---|---|
| 001 | L156057 | ||
| 008 | 120426u2012 xxk g 000 0 eng d | ||
| 035 | _a(Sirsi) u156057 | ||
| 041 | 0 | _aeng | |
| 110 | 2 |
_aUnited States _bDepartment of Energy Efficiency and Renewable Energy _96050 |
|
| 245 | 0 | 0 |
_aUnited States _bDepartment of Energy Efficiency and Renewable Energy _h[electronic resource] |
| 260 |
_aWashington _bEERE _c2012 |
||
| 520 | _aOffice of Energy Efficiency and Renewable Energy (EERE) invests in clean energy technologies that strengthen the economy, protect the environment, and reduce dependence on oil from other countries. Includes information and statistics on energy efficiency and renewable energy. | ||
| 590 | _aKA | ||
| 651 | 4 | _aUnited States | |
| 690 |
_aEnergy _96237 |
||
| 690 |
_aEnvironment _96238 |
||
| 856 | 4 | 0 |
_uhttps://www.eere.energy.gov/ _zView the website free of charge at www.eere.emergy.gov |
| 942 | _n0 | ||
| 999 |
_c120972 _d120972 |
||